000 01072cam a22002531i 4500
003 SA-RiAUC
005 20251002073840.0
008 251001s2005 ||| g 000 0 ara c
040 _aEG-CaDAJ
_bara
_cSA-RiAUC
_erda
082 0 4 _a228.1
090 _a228.1
_bب ي ل
100 1 _aالبيلي، أحمد محمد إسماعيل
_eمؤلف.
245 1 2 _aالجمانة :
_bأرجوزة الأحرف السبعة في القرآن الكريم /
_cأحمد محمد إسماعيل البيلي.
246 3 0 _aأرجوزة الأحرف السبعة في القرآن الكريم
264 1 _a[مكان النشر غير محدد] :
_bدار البحوث للدراسات الإسلامية وإحياء التراث،
_c2005
300 _a40 صفحة؛
_c21 سم.
336 _aنص
_btxt
_2rdacontent
_3كتاب
337 _aبدون وسيط
_bn
_2rdamedia
338 _aمجلد
_bnc
_2rdacarrier
630 2 7 _aالقرآن
_xالقراءات السبع
_2aucut
730 2 2 _aالقرآن
942 _2ddc
_cBOOK
_n0
949 _aSA-JeALM
_d251001
_umohamedma123
_n1
999 _c12337
_d12337